Delegation of Powers Act, 1956 (Act 358) & Akta Perwakilan Kuasa, 1956 (Akta 358) : (as at 10th August 1995)

Bibliographic Details
Corporate Authors: MALAYSIA, Malaysia
Format: Book
Published: Kuala Lumpur : International Law Book Services , 1995
Series:Laws of Malaysia
Subjects:

MARC

LEADER 00000cam a2200000 7i4500
001 0000000651
005 20000919.0
020 0 0 |a 9678904934 
090 0 0 |a 342.595044   |b MAL 1995 
110 1 0 |a MALAYSIA 
245 1 0 |a Delegation of Powers Act, 1956 (Act 358) & Akta Perwakilan Kuasa, 1956 (Akta 358) :   |b (as at 10th August 1995)   |c compiled by Legal Research Board 
260 0 0 |a Kuala Lumpur :   |b International Law Book Services ,   |c 1995 
300 |a ii, 22 p. ;   |c 24 cm. 
440 0 0 |a Laws of Malaysia 
500 0 0 |a Parallel English and Bahasa Malaysia texts 
650 0 0 |a Delegation of powers   |z Malaysia   |x Law and legislation 
710 1 1 |a Malaysia   |x Akta Perwakilan Kuasa, 1956 (Akta 358) 
999 |a 0000001706   |b Monograph   |c Open Shelf   |e Default branch